Ошибки воспроизведения траекторий движения многокоординатными электроприводами и пути их минимизации; Современные техника и технологии; Т. 1
| Parent link: | Современные техника и технологии: сборник трудов XV Международной научно-практической конференции студентов, аспирантов и молодых ученых, Томск, 4-8 мая 2009 г/ Национальный исследовательский Томский политехнический университет (ТПУ).— , 2009 Т. 1.— 2009.— [С. 476-478] |
|---|---|
| Hlavní autor: | |
| Další autoři: | , |
| Shrnutí: | Заглавие с титульного листа Электронная версия печатной публикации |
| Jazyk: | ruština |
| Vydáno: |
2009
|
| Témata: | |
| On-line přístup: | http://www.lib.tpu.ru/fulltext/c/2009/C01/V1/239.pdf |
| Médium: | Elektronický zdroj Kapitola |
| KOHA link: | https://koha.lib.tpu.ru/cgi-bin/koha/opac-detail.pl?biblionumber=243117 |
MARC
| LEADER | 00000naa2a2200000 4500 | ||
|---|---|---|---|
| 001 | 243117 | ||
| 005 | 20251217104604.0 | ||
| 035 | |a (RuTPU)RU\TPU\book\264453 | ||
| 035 | |a RU\TPU\book\264448 | ||
| 090 | |a 243117 | ||
| 100 | |a 20130918d2009 k y0rusy50 ca | ||
| 101 | 0 | |a rus | |
| 102 | |a RU | ||
| 135 | |a drnn ---uucaa | ||
| 181 | 0 | |a i | |
| 182 | 0 | |a b | |
| 200 | 1 | |a Ошибки воспроизведения траекторий движения многокоординатными электроприводами и пути их минимизации |f М. В. Сливенко, Н. В. Гусев |g науч. рук. В. Г. Букреев | |
| 203 | |a Текст |c электронный | ||
| 215 | |a 1 файл (447 Кб) | ||
| 300 | |a Заглавие с титульного листа | ||
| 300 | |a Электронная версия печатной публикации | ||
| 337 | |a Adobe Reader | ||
| 461 | 0 | |0 (RuTPU)RU\TPU\book\261117 |t Современные техника и технологии |o сборник трудов XV Международной научно-практической конференции студентов, аспирантов и молодых ученых, Томск, 4-8 мая 2009 г |o в 3 т. |f Национальный исследовательский Томский политехнический университет (ТПУ) |d 2009 | |
| 463 | 0 | |0 (RuTPU)RU\TPU\book\261157 |t Т. 1 |v [С. 476-478] |d 2009 | |
| 610 | 1 | |a электронный ресурс | |
| 610 | 1 | |a труды учёных ТПУ | |
| 610 | 1 | |a многокоординатные электроприводы | |
| 610 | 1 | |a траектория движения | |
| 610 | 1 | |a воспроизведение | |
| 610 | 1 | |a следящие системы | |
| 610 | 1 | |a контуры | |
| 610 | 1 | |a динамические ошибки | |
| 700 | 1 | |a Сливенко |b М. В. |c российский учёный в области электропривода и электрооборудования |c ассистент Томского политехнического университета |g Максим Владимирович |3 (RuTPU)RU\TPU\pers\28347 | |
| 701 | 1 | |a Гусев |b Н. В. |c специалист в области электротехники |c доцент Томского политехнического университета, кандидат технических наук |f 1981- |g Николай Владимирович |3 (RuTPU)RU\TPU\pers\26528 | |
| 702 | 1 | |a Букреев |b В. Г. |4 727 | |
| 801 | 1 | |a RU |b 63413507 |c 20130617 | |
| 801 | 2 | |a RU |b 63413507 |c 20131113 |g RCR | |
| 856 | 4 | |u http://www.lib.tpu.ru/fulltext/c/2009/C01/V1/239.pdf | |
| 942 | |c CF | ||